|
|
|
|
| LEADER |
00000cam a2200000 7i4500 |
| 001 |
0000047430 |
| 005 |
20010801.0 |
| 020 |
|
|
|a 0787645109
|
| 090 |
0 |
0 |
|a 333.9503
|b ENC
|
| 245 |
0 |
0 |
|a Encyclopedia of the biosphere vol. 4 :
|b Deserts
|c project director Ramon Folch
|
| 255 |
|
|
|a Vol. 4
|
| 260 |
|
|
|a Detroit :
|b Gale Group ,
|c 19--?
|
| 300 |
|
|
|a 526p. :
|b ill. ;
|c 27cm.
|
| 500 |
|
|
|
| 650 |
0 |
0 |
|a Bioshpere
|x Encyclopedias
|
| 650 |
0 |
0 |
|a Human ecology
|x Encyclopedias
|
| 650 |
0 |
0 |
|a Nature
|x Effect of human beings on
|x Encyclopedias
|
| 700 |
1 |
|
|a Camarasa, Josep M.
|
| 700 |
1 |
|
|a Folch, Ramond
|
| 999 |
|
|
|a 00108288
|b ENSIKLOPEDIA DEWASA
|c RUJUKAN
|e PERPUSTAKAAN KOMUNITI PETALING JAYA
|